| 000 | 005630000a22001090004500 | ||
|---|---|---|---|
| 245 | 1 | 0 | _aAdelante con la revisión de la Biblia aymara |
| 300 | _aVol.62, núm.286 (2007), Páginas 28-29 | ||
| 500 | _aUn poco de historia, La cultura aymara: Algunas características de la lengua aymara, los primeros impresos en aymara, población aymara en América, el pueblo aymara en Bolivia, el pueblo aymara en el Perú, el pueblo aymara en Chile, el aymara en la Argentina | ||
| 650 | 1 | 4 | _aSOCIEDAD BÍBLICA-CULTURA AYMARA |
| 773 | 0 | _tLa Biblia de las Américas | |
| 942 | _cANA | ||
| 999 |
_c62622 _d62622 |
||